Test evaluation accreditation measurements and standards (teams). (Record no. 10529)

MARC details
000 -LEADER
fixed length control field 00471nam a22001577a 4500
005 - DATE AND TIME OF LATEST TRANSACTION
control field 20260209083954.0
008 - FIXED-LENGTH DATA ELEMENTS--GENERAL INFORMATION
fixed length control field 260209b |||||||| |||| 00| 0 eng d
020 ## - INTERNATIONAL STANDARD BOOK NUMBER
International Standard Book Number 978-81-7844-307-2
082 ## - DEWEY DECIMAL CLASSIFICATION NUMBER
Classification number 613.7 KAN-T
100 ## - MAIN ENTRY--PERSONAL NAME
Personal name Kansal, Devinder. K
245 ## - TITLE STATEMENT
Title Test evaluation accreditation measurements and standards (teams).
260 ## - PUBLICATION, DISTRIBUTION, ETC.
Place of publication, distribution, etc. New Delhi :
Name of publisher, distributor, etc. K.K. Publications.
Date of publication, distribution, etc. 2025.
300 ## - PHYSICAL DESCRIPTION
Extent xviii, 604 p. :
Other physical details ill. ;
Dimensions 25 cm.
651 ## - SUBJECT ADDED ENTRY--GEOGRAPHIC NAME
Source of heading or term Nursing.
942 ## - ADDED ENTRY ELEMENTS (KOHA)
Source of classification or shelving scheme Dewey Decimal Classification
Koha item type Main
Holdings
Withdrawn status Lost status Source of classification or shelving scheme Damaged status Not for loan Home library Current library Shelving location Date acquired Inventory number Total Checkouts Full call number Barcode Date last seen Price effective from Koha item type Checked out Date last checked out
    Dewey Decimal Classification     RTC Library RTC Library Reference 09/02/2026 19860   613.7 KAN c1 30021078 09/02/2026 09/02/2026 Reference    
    Dewey Decimal Classification     RTC Library RTC Library Main opac 09/02/2026 19861 1 613.7 KAN c2 30021079 09/03/2026 09/02/2026 Main 01/06/2026 09/03/2026
Royal Thimphu College || All Right Reserved